Ekonomika a riadenie obchodného podniku metodická príručka pre študujúcich popri zamestnaní
Enregistré dans:
| Auteur principal: | |
|---|---|
| Collectivité auteur: | |
| Format: | Livre |
| Langue: | slovaque |
| Publié: |
Bratislava
Vysoká škola ekonomická
1984
|
| Tags: |
Pas de tags, Soyez le premier à ajouter un tag!
|
MARC
| LEADER | 00000nam a2200000 4500 | ||
|---|---|---|---|
| 001 | c114213 | ||
| 005 | 20181219124637.8 | ||
| 041 | 0 | |a slo | |
| 044 | |a SK | ||
| 245 | 1 | 0 | |a Ekonomika a riadenie obchodného podniku |b metodická príručka pre študujúcich popri zamestnaní |c Milan Janeček a kol. |
| 264 | 1 | |a Bratislava |b Vysoká škola ekonomická |c 1984 | |
| 300 | |a 279 s. | ||
| 100 | 1 | |a Janeček, Milan | |
| 710 | 2 | |a Vysoká škola ekonomická v Bratislave. Obchodná fakulta | |